Dance Moms J dances - Statistics

General Stats
  • This quiz has been taken 37 times
  • The average score is 4 of 8
Answer Stats
Picture Answer % Correct
Just an illusion
71%
Just another Number
71%
The Judgement
67%
Just Rain
62%
Just Be
52%
The Journey
48%
Judgement Day
38%
Just like mama said
29%
No matching quizzes found
Score Distribution
Percent of People with Each Score
Percentile by Number Answered
Your Score History
You have not taken this quiz